[Event "IECC M1-2010.T002"]
[Site "IECC email"]
[Date "2010.01.03"]
[Round "?"]
[White "Robertson, John"]
[Black "Stresina, Marian"]
[Result "1-0"]
[WhiteElo "986"]
[BlackElo "1100"]
[PlyCount "27"]
[EventDate "2010.??.??"]
[EventType "match (corr)"]
[EventRounds "2"]
[SourceTitle "Corr 2013"]
[Source "ChessBase"]
[SourceDate "2012.11.12"]
[SourceVersion "1"]
[SourceVersionDate "2012.11.12"]
[SourceQuality "1"]
[WhiteTeam "Australia"]
[BlackTeam "Romania"]
[WhiteTeamCountry "AUS"]
[BlackTeamCountry "ROU"]

1. e4 e5 2. Nf3 Nc6 3. Bb5 a6 4. Bxc6 dxc6 5. 0-0 Bg4 6. d3 h6 7. Nbd2 Bd6 8. h3 Be6 9. c4 c5 10. a3 b6 11. Nb3 Ne7 12. Bd2 0-0 13. Nc1 f5 14. exf5 1-0

[Event "IECC M1-2010.T002"]
[Site "IECC email"]
[Date "2010.01.03"]
[Round "?"]
[White "Stresina, Marian"]
[Black "Robertson, John"]
[Result "0-1"]
[WhiteElo "1079"]
[BlackElo "1007"]
[PlyCount "24"]
[EventDate "2010.??.??"]
[EventType "match (corr)"]
[EventRounds "2"]
[SourceTitle "Corr 2013"]
[Source "ChessBase"]
[SourceDate "2012.11.12"]
[SourceVersion "1"]
[SourceVersionDate "2012.11.12"]
[SourceQuality "1"]
[WhiteTeam "Australia"]
[BlackTeam "Romania"]
[WhiteTeamCountry "AUS"]
[BlackTeamCountry "ROU"]

1. d4 d5 2. c4 Nf6 3. cxd5 Nbd7 4. Nc3 Nb6 5. e4 e6 6. dxe6 fxe6 7. Nf3 Bb4 8. Bg5 h6 9. Bxf6 Qxf6 10. Qb3 Bxc3+ 11. Qxc3 Nd7 12. Qxc7 0-0 0-1